Diriger en ehpad (notice n° 1667338)
[ vue normale ]
| 000 -LEADER | |
|---|---|
| fixed length control field | 01234cam a2200205 4500500 |
| 005 - DATE AND TIME OF LATEST TRANSACTION | |
| control field | 20260222003249.0 |
| 041 ## - LANGUAGE CODE | |
| Language code of text/sound track or separate title | fre |
| 042 ## - AUTHENTICATION CODE | |
| Authentication code | dc |
| 100 10 - MAIN ENTRY--PERSONAL NAME | |
| Personal name | Roux, Pierre |
| Relator term | author |
| 245 00 - TITLE STATEMENT | |
| Title | Diriger en ehpad |
| 260 ## - PUBLICATION, DISTRIBUTION, ETC. | |
| Date of publication, distribution, etc. | 2013.<br/> |
| 500 ## - GENERAL NOTE | |
| General note | 29 |
| 520 ## - SUMMARY, ETC. | |
| Summary, etc. | Diriger un établissement d’accueil pour personnes âgées, c’est faire face à une complexité humaine accrue mais aussi à l’inflation des complications techniques. Faire agir et interagir de l’humain (personnels, partenaires, bénévoles), pour accompagner dignement des humains, parmi d’autres humains (leurs proches et plus largement leurs semblables). Ces complexités s’affirment d’autant plus que les personnes accueillies et leur entourage sont fragilisés. Pour ce faire, nous avons décidé de mutualiser nos services techniques transversaux entre plusieurs établissements, ce qui, il faut bien le dire, relève également de l’aventure humaine ! |
| 690 ## - LOCAL SUBJECT ADDED ENTRY--TOPICAL TERM (OCLC, RLIN) | |
| Topical term or geographic name as entry element | accompagner dignement |
| 690 ## - LOCAL SUBJECT ADDED ENTRY--TOPICAL TERM (OCLC, RLIN) | |
| Topical term or geographic name as entry element | aventure humaine |
| 690 ## - LOCAL SUBJECT ADDED ENTRY--TOPICAL TERM (OCLC, RLIN) | |
| Topical term or geographic name as entry element | complexité humaine |
| 690 ## - LOCAL SUBJECT ADDED ENTRY--TOPICAL TERM (OCLC, RLIN) | |
| Topical term or geographic name as entry element | mutualiser |
| 786 0# - DATA SOURCE ENTRY | |
| Note | Empan | 91 | 3 | 2013-09-01 | p. 62-72 | 1152-3336 |
| 856 41 - ELECTRONIC LOCATION AND ACCESS | |
| Uniform Resource Identifier | <a href="https://shs.cairn.info/revue-empan-2013-3-page-62?lang=fr&redirect-ssocas=7080">https://shs.cairn.info/revue-empan-2013-3-page-62?lang=fr&redirect-ssocas=7080</a> |
Pas d'exemplaire disponible.




Réseaux sociaux